| 000 | 00524nam a2200169 i 4500 | ||
|---|---|---|---|
| 001 | 45483 | ||
| 003 | ES-MaACL | ||
| 005 | 20230906161226.0 | ||
| 007 | t| | ||
| 008 | 030326m19261928sp ||||1| spa d | ||
| 100 | 1 |
_aColl y Toste, Cayetano. _939646 |
|
| 245 | 1 | 0 |
_aTradiciones y leyendas puertorriqueñas / _cpor Cayetano Coll y Toste ; prólogo de Carlos N. Carreras. |
| 260 |
_aBarcelona : _bManci, _c[1926-1928] |
||
| 300 |
_a2 v. ; _c22 cm. |
||
| 700 | 1 |
_aCarreras, Carlos N. _935651 |
|
| 852 |
_aES-MaACL _jG-14147-14148 |
||
| 999 |
_c45483 _d45483 |
||